1580 1152 1127 1764 1902 1123 1539 1451 1948 1896 1991 1851 1212 1461 1578 1905 1526 1031 1437 1135 1796 1275 1381 1539 1836 1751 1643 1041 1725 1898 1277 1462 1861 1456 1288 1637 1851 1418 1638 1561 1392 1299 1914 1891 1844 1942 1591 1924 1896 1749 1971 1268 1296 1053 1644 1407 1927 1070 1047 1479 1750 1010 1823 1792 1313 1903 1925 1105 1857 1155 1773 1535 1269 1539 1567 1207 1438 1657 1152 1979 1988 1751 1050 1133 1014 1407 1852 1486 1548 1438 1043 1431 1864 1741 1535 1483 1599 1435 1089 BCNSPRNW ULIB Ver.6.0+V

เปลี่ยนเป็นภาษาไทย

Change to English
 แสดงรายละเอียดบรรณานุกรม
  กลับหน้าหลัก

Brief Record : Get Marc (ISO 2709) : E-mail record : QR code < ปิดหน้าต่าง
LEADER : 00000nam 2200000uu 4500
001    13399108318
003     ULIB
008    110301s2553||||th 000 0 tha d
020    9786165070324
041 0  tha
060  4 W21^bค439ล
100 1  คิดเดอร์, เทรซี
245 00 ล่าฝันโพ้นภูผา =^bMountains beyond mountains /^cโดย Tracy Kidder ; ชณัณกร เพ็ชรวัฒนา, ผู้แปล
246 31 Mountains beyond mountains
250    พิมพ์ครั้งที่ 1
260    กรุงเทพฯ :^bหมอชาวบ้าน,^c2553
300    387 หน้า ;^c21 ซม.
500    จากหนังสือ Mountains beyond mountains
650  7 แพทย์^xชีวประวัติ
650  7 สิทธิการรักษาการพยาบาล
650  7 สิทธิมนุษยชน
650  7 การปฏิรูประบบบริการสาธารณสุข
651  0 นายแพทย์พอล ฟาร์เมอร์^xชีวประวัติ
700 0  ชณัณกร เพ็ชรวัฒนา,^eผู้แปล
945    ^p250^l0^i029781
945    ^p250^l0^i029782
945    ^p250^l0^i030860
945    ^p250^l0^i030861
999    เกษร
รายการนี้ยังไม่มีแท็ก
คุณยังไม่ได้ล็อกอิน คุณสามารถมีกิจกรรมร่วมกับเว็บไซต์ได้ แต่ต้องล็อกอินก่อน ::
  ล็อกอิน

รายการสื่อสารสนเทศ

ลำดับที่ ประเภท เลขเรียก/บาร์โค้ด สถานที่ สถานะ
1. วิทยาศาสตร์การแพทย์ และสุขภาพ
หนังสือสำรอง
สถานะ=หนังสือสำรอง
W21 ค439ล ฉ.1 
  Barcode: 029781
ห้องสมุดวิทยาเขตสวรรค์ประชารักษ์
►ส่วนจัดเก็บหนังสือเก่า สปร
บนชั้น
  ขอยืม
2. วิทยาศาสตร์การแพทย์ และสุขภาพ
วิทยาศาสตร์การแพทย์ และสุขภาพ
W21 ค439ล ฉ.2 
  Barcode: 029782
ห้องสมุดวิทยาเขตสวรรค์ประชารักษ์
►ส่วนจัดเก็บหนังสือเก่า สปร
บนชั้น
  ขอยืม
3. วิทยาศาสตร์การแพทย์ และสุขภาพ
วิทยาศาสตร์การแพทย์ และสุขภาพ
W21 ค439ล ฉ.4 
  Barcode: 030861
ห้องสมุดวิทยาเขตสวรรค์ประชารักษ์
►ส่วนจัดเก็บหนังสือเก่า สปร
บนชั้น
  ขอยืม

รายการใกล้เคียง
    ผู้แต่ง [คิดเดอร์, เทรซี]

    หัวเรื่อง [สิทธิการรักษาการพยาบาล]
    หัวเรื่อง [สิทธิมนุษยชน]
    หัวเรื่อง [การปฏิรูประบบบริการสาธารณสุข]

BibComment


ยังไม่เคยถูกคอมเมนท์

คอมเมนท์ทรัพยากรรายการนี้
  คอมเมนท์: ล่าฝันโพ้นภูผา M..


 Copyright 2026. Bcnsprnw @Library